000 00580nam a22001937a 4500
003 OSt
005 20140310181750.0
008 130626t xxu||||| |||| 00| 0 eng d
020 _a971918891X
050 _aGE 160
_b.G216 1997
082 _aFIL 030
_bG165 1997
100 _aGarcia, Maria Isabel O.
245 _aEcologia Filipina :
_bthe almanac /
_cMaria Isabel O. Garcia.
260 _aQuezon City :
_bEnvironmental Center of the Philippines Foundation,
_c1997.
300 _a257 p. :
_bill. col. ;
_c27 cm.
562 _e1
942 _2lcc
_cBK
_kFIL
999 _c3190
_d3190